Guidebook on Molecular Modeling in Drug Design (Record no. 17080)

000 -LEADER
fixed length control field 00248nam a22000977a 4500
003 - CONTROL NUMBER IDENTIFIER
control field ASAB
005 - DATE AND TIME OF LATEST TRANSACTION
control field 20170516110232.0
008 - FIXED-LENGTH DATA ELEMENTS--GENERAL INFORMATION
fixed length control field 140425t xxu||||| |||| 00| 0 eng d
020 ## - INTERNATIONAL STANDARD BOOK NUMBER
International Standard Book Number 978-81-312-0169-5
020 ## - INTERNATIONAL STANDARD BOOK NUMBER
International Standard Book Number 81-312-0169-4
040 ## - CATALOGING SOURCE
Transcribing agency ASAB
082 ## - DEWEY DECIMAL CLASSIFICATION NUMBER
Classification number 615.1
245 ## - TITLE STATEMENT
Title Guidebook on Molecular Modeling in Drug Design
Statement of responsibility, etc. Edited by: N. Claude Cohen
260 ## - PUBLICATION, DISTRIBUTION, ETC.
Place of publication, distribution, etc. New Delhi.
Name of publisher, distributor, etc. Academic Press.
Date of publication, distribution, etc. 1996.
300 ## - PHYSICAL DESCRIPTION
Extent 361 P.
942 ## - ADDED ENTRY ELEMENTS (KOHA)
Source of classification or shelving scheme
Koha item type Book
Holdings
Withdrawn status Lost status Source of classification or shelving scheme Damaged status Not for loan Collection code Permanent Location Current Location Date acquired Total Checkouts Full call number Barcode Date last seen Price effective from Koha item type
            Atta-ur-Rahman School of Applied Biosciences (ASAB) Atta-ur-Rahman School of Applied Biosciences (ASAB) 04/25/2014   615.1 COH ASAB460 05/16/2017 04/25/2014 Book
© 2023 Central Library, National University of Sciences and Technology. All Rights Reserved.